000 00405nam a2200145Ia 4500
003 GCL
008 140319s9999 xx 000 0 ara d
040 _aGCL /
_cGCL
082 0 4 _a270
_bج ك
100 1 _aجرجس حلمى عازر
245 1 0 _aكلمات و معان /
_cجرجس حلمى عازر
260 _a[S.N] :
_bدار الثقافة العربية ،
_c1992
300 _a175 ص
490 _a
999 _c33853
_d33853